000
00318nam a2200133Ia 4500
008
191201s2010 xx 000 0 und d
100
_a
DESWAL, S
245
0
_a
Basics of Biotechnology
250
_a
Rep
260
_c
2010
_b
Dhanpat Rai Pubns (P) Ltd
_a
N.Delhi
300
_a
misc
650
_a
APPLIED
942
_2
ddc
_c
BB
999
_c
7442
_d
7442